| 000 | 01585cam a22004570a 4500 | ||
|---|---|---|---|
| 001 | 3950673 | ||
| 003 | OSt | ||
| 005 | 20140310184356.0 | ||
| 008 | 980115s1998 oncab j b 001 eng c | ||
| 020 |
_a1550745077 (bound) : _c$22.95 |
||
| 020 | _a0439062381 | ||
| 035 | _a(Sirsi) BCF-7452 | ||
| 035 | _a(OCoLC)38747113 | ||
| 040 |
_aCaOTU _beng _cCaOT _dCaOONL _dCaOTUED |
||
| 043 |
_an-cn--- _an-us--- |
||
| 050 |
_aE 450 _b.G74 1999 |
||
| 090 |
_a973.7115 .G816L _bOISE/UT CR |
||
| 090 | _a973.7115 .G816L | ||
| 100 | 1 |
_aGreenwood, Barbara, _d1940- _925594 |
|
| 245 | 1 | 4 |
_aThe last safe house : _ba story of the underground railroad / _cBarbara Greenwood ; illustrated by Heather Collins. |
| 246 | 3 | 3 | _aStory of the underground railroad |
| 246 | 3 | 3 | _aUnderground railroad |
| 260 |
_aToronto : _bKids Can Press, _c1999. |
||
| 300 |
_a119 p. : _bill. ; _c23 cm. |
||
| 500 | _aIncludes bibliographical references and index. | ||
| 521 | _aG6 | ||
| 526 | _c850 | ||
| 650 | 0 |
_aUnderground Railroad _vJuvenile literature. _925595 |
|
| 650 | 0 |
_aFugitive slaves _zUnited States _vJuvenile literature. _925596 |
|
| 650 | 0 |
_aFugitive slaves _zCanada _vJuvenile literature. _925597 |
|
| 650 | 0 |
_aUnderground Railroad _vJuvenile fiction. _925598 |
|
| 650 | 0 |
_aFugitive slaves _zUnited States _vJuvenile fiction. _925599 |
|
| 650 | 0 |
_aFugitive slaves _zCanada _vJuvenile fiction. _925600 |
|
| 700 | 1 |
_aCollins, Heather. _925591 |
|
| 942 |
_2lcc _cBK-SCHOLAS |
||
| 948 |
_a10/23/2000 _b12/14/2001 |
||
| 999 |
_c34013 _d34013 |
||